| 000 | 00657nam a2200181Ia 4500 | ||
|---|---|---|---|
| 003 | GCL | ||
| 008 | 140319s9999 xx 000 0 ara d | ||
| 040 |
_aGCL / _cGCL |
||
| 082 | 0 | 4 |
_a415.1 _bم م |
| 100 | 1 | _aمحمد عبدالبديع | |
| 245 | 1 | 0 |
_aموجز النحو العربى: عرض مبسط واف مع دراسة ميسرة لكافة القواعد بامثلة واضحه معربة / _cمحمد عبدالبديع |
| 300 | _a304 ص | ||
| 490 |
_aالهيئة العامة للاستعلامات _v0 |
||
| 650 | 0 | 4 | _aالنحو |
| 650 | 0 | 4 | _aاللغة العربية |
| 650 | 0 | 4 | _aاللغة العربية - قواعد |
| 942 |
_2ddc _cBK |
||
| 999 |
_c49377 _d49377 |
||